| 000 | 00782nam a22001577a 4500 | ||
|---|---|---|---|
| 003 | OSt | ||
| 005 | 20151105164620.0 | ||
| 008 | 151105b xxu||||| |||| 00| 0 eng d | ||
| 040 | _cRUA | ||
| 082 | _aFOR MAK 2000 B126 Or.1 | ||
| 100 |
_93423 _aMAK, VISAL. |
||
| 245 | _aContribution toward the study of turning preah monivong bokor national park into a luxurious ecotourist place, វិភាគទាននៃការសិក្សាដើម្បីប្រែក្លាយតំបន់ឧទ្យានជាតិព្រះមុនីវង្ស បូកគោអោយក្លាយទៅជាតំបន់ទេសចរណ៍ធម្មជាតិប្រណិត | ||
| 260 |
_aPhnom Penh _bRUA _c2000 |
||
| 300 |
_a63p. _bill. _c29cm. |
||
| 942 |
_2ddc _cFOR |
||
| 999 |
_c3193 _d3193 |
||